Statistiche per Capitali del mondo più vicino a Honolulu

Clicka qui per fare il quiz!

Statistiche generali

  • Questo quiz è stato fatto 25 volte
  • Il punteggio medio è 8 su 20

Statistiche sulle risposte

kmcapitale% Corretto
6206Tokyo
63%
6096Città del Messico
58%
7316Seul
54%
7284San Salvador
50%
4200Apia
46%
5089Nukuʻalofa
46%
4161Funafuti
42%
4991Palikir
42%
6915Port Moresby
42%
5702Port Vila
42%
5098Suva
42%
5744Honiara
38%
3666Majuro
38%
7391Pyongyang
38%
3860Sud Tarawa
38%
7118Città del Guatemala
33%
7390Ngerulmud
33%
7477Tegucigalpa
33%
7216Belmopan
29%
4537Yaren
29%

Distribuzione punteggi

Percentile per numero di risposta

Percentuale di utenti per punteggio

I tuoi punteggi nel tempo

Non hai fatto questo quiz